Vista normal
Vista MARC
Entrada Nombre corporativo
Número de registros utilizados en: 2
001 - NÚMERO DE CONTROL
- Campo de control: 40741
003 - IDENTIFICADOR DE NÚMERO DE CONTROL
- Campo de control: ES-MaCES
005 - FECHA Y HORA DE LA ULTIMA MODIFICACION
- Campo de control: 20230824140125.0
008 - ELEMENTOS DE DATOS DE LONGITUD FIJA
- Campo de longitud fija: 030421 | azznnaabn |n ana d
035 ## - NÚMERO DE CONTROL DEL SISTEMA
- Número de control del sistema: CES20030001180e
040 ## - FUENTE DE LA CATALOGACIÓN
- Agencia original de catalogación: ES-MaCES
- Idioma de catalogación: spa
- Agencia de transcripción: ES-MaCES
110 1# - ENCABEZAMIENTO--NOMBRE CORPORATIVO
- Nombre corporativo o de jurisdicción como elemento de entrada: España
- Título de una obra: Ley Orgánica del Sistema Universitario, 2023
670 ## - FUENTE DE DATOS ENCONTRADOS
- Fuente de citación: BOE núm. 70, de 23/03/2023
- Información encontrada: Ley Orgánica 2/2023, de 22 de marzo, del Sistema Universitario
901 ## - CES. DATOS SIRTEX
- ID Sirtex (N5N8): 0001800005620
- 005BIS Sirtex: 200304211322ALORITE

